<?xml version="1.0" encoding="UTF-8"?><?xml-stylesheet type="text/xsl" href="static/style.xsl"?><OAI-PMH xmlns="http://www.openarchives.org/OAI/2.0/" xmlns:xsi="http://www.w3.org/2001/XMLSchema-instance" xsi:schemaLocation="http://www.openarchives.org/OAI/2.0/ http://www.openarchives.org/OAI/2.0/OAI-PMH.xsd"><responseDate>2026-04-17T06:04:20Z</responseDate><request verb="GetRecord" identifier="oai:www.recercat.cat:2445/191692" metadataPrefix="marc">https://recercat.cat/oai/request</request><GetRecord><record><header><identifier>oai:recercat.cat:2445/191692</identifier><datestamp>2025-11-21T05:14:11Z</datestamp><setSpec>com_2072_1057</setSpec><setSpec>col_2072_478860</setSpec><setSpec>col_2072_478916</setSpec><setSpec>col_2072_478917</setSpec></header><metadata><record xmlns="http://www.loc.gov/MARC21/slim" xmlns:dcterms="http://purl.org/dc/terms/" xmlns:xsi="http://www.w3.org/2001/XMLSchema-instance" xmlns:doc="http://www.lyncode.com/xoai" xsi:schemaLocation="http://www.loc.gov/MARC21/slim http://www.loc.gov/standards/marcxml/schema/MARC21slim.xsd">
   <leader>00925njm 22002777a 4500</leader>
   <datafield ind2=" " ind1=" " tag="042">
      <subfield code="a">dc</subfield>
   </datafield>
   <datafield ind2=" " ind1=" " tag="720">
      <subfield code="a">Roselló-Novella, Alba</subfield>
      <subfield code="e">author</subfield>
   </datafield>
   <datafield ind2=" " ind1=" " tag="720">
      <subfield code="a">Lumillo Gutiérrez, Iris</subfield>
      <subfield code="e">author</subfield>
   </datafield>
   <datafield ind2=" " ind1=" " tag="720">
      <subfield code="a">Pla i Consuegra, Margarida</subfield>
      <subfield code="e">author</subfield>
   </datafield>
   <datafield ind2=" " ind1=" " tag="720">
      <subfield code="a">Rosa-Castillo, Antonio</subfield>
      <subfield code="e">author</subfield>
   </datafield>
   <datafield ind2=" " ind1=" " tag="720">
      <subfield code="a">Villa García, Lorena</subfield>
      <subfield code="e">author</subfield>
   </datafield>
   <datafield ind2=" " ind1=" " tag="720">
      <subfield code="a">Morín Fraile, Victoria</subfield>
      <subfield code="e">author</subfield>
   </datafield>
   <datafield ind2=" " ind1=" " tag="260">
      <subfield code="c">2022-12-19T15:40:21Z</subfield>
   </datafield>
   <datafield ind2=" " ind1=" " tag="260">
      <subfield code="c">2022-12-19T15:40:21Z</subfield>
   </datafield>
   <datafield ind2=" " ind1=" " tag="260">
      <subfield code="c">2022-10-17</subfield>
   </datafield>
   <datafield ind2=" " ind1=" " tag="260">
      <subfield code="c">2022-12-19T15:40:21Z</subfield>
   </datafield>
   <datafield ind2=" " ind1=" " tag="520">
      <subfield code="a">Objetivo: Analizar los niveles de actividad física en adolescentes y su relación con las percepciones sobre actividad física y con los factores externos. Método: Estudio observacional descriptivo transversal. Participaron adolescentes entre 11 y 18 anos, reclutados/as en los centros de educación secundaria del municipio de Esplugues de Llobregat, Barcelona. Las mediciones consistieron en la valoración del nivel de actividad física mediante el cuestionario IPAQ-A y la relación del nivel de práctica de actividad física con las percepciones sobre actividad física y con los factores externos descritos en el modelo de promoción de la salud de Pender. Resultados: El 60,34% de los/las adolescentes fueron insuficientemente activos/as. Los factores asociados positivamente a la práctica de actividad física fueron el sexo masculino (p &lt; 0,01), hacer deporte extraescolar (p &lt; 0,01), la percepción de beneficios (p &lt; 0,01), la percepción de autoeficacia (p &lt; 0,01), las influencias interpersonales (p &lt; 0,01), que los padres y las madres hagan deporte (p &lt; 0,01), los modelos (p &lt; 0,01) y las normas (p &lt; 0,01). Los factores correlacionados asociados negativamente fueron el sexo femenino (p &lt; 0,01), el índice de masa corporal (p = 0,048) y la percepción de barreras (p &lt; 0,01). No se halló relación con la clase social (p = 0,164). Las influencias situacionales fueron un factor condicionante en los chicos (p &lt; 0,01), pero no en las chicas (p = 0,561). Conclusiones: Este estudio identifica factores que determinan la práctica de actividad física en los/las adolescentes, que teniéndolos en cuenta en el dise ̃no de intervenciones y políticas de promoción podrían ayudar a aumentar los niveles actuales. Aun así, existen algunos condicionantes, como el sexo y la clase social, que habría que estudiar con profundidad mediante investigaciones más exploratorias y discursivas</subfield>
   </datafield>
   <datafield tag="653" ind2=" " ind1=" ">
      <subfield code="a">Condició física</subfield>
   </datafield>
   <datafield tag="653" ind2=" " ind1=" ">
      <subfield code="a">Adolescents</subfield>
   </datafield>
   <datafield tag="653" ind2=" " ind1=" ">
      <subfield code="a">Promoció de la salut</subfield>
   </datafield>
   <datafield tag="653" ind2=" " ind1=" ">
      <subfield code="a">Physical fitness</subfield>
   </datafield>
   <datafield tag="653" ind2=" " ind1=" ">
      <subfield code="a">Teenagers</subfield>
   </datafield>
   <datafield tag="653" ind2=" " ind1=" ">
      <subfield code="a">Health promotion</subfield>
   </datafield>
   <datafield ind2="0" ind1="0" tag="245">
      <subfield code="a">Percepciones y factores externos de la actividad física en adolescentes mediante métodos mixtos</subfield>
   </datafield>
</record></metadata></record></GetRecord></OAI-PMH>